BEST SPONGEBOB QUIZ - Statistics

General Stats
  • This quiz has been taken 1,477 times
  • The average score is 9 of 15
Answer Stats
Hint Answer % Correct
mr.krabs daughter pearl
95%
lives in a rock patrick
94%
spongebobs pet snail Gary
93%
employed at krusty krab
93%
spongebobs boring neighbor squidward
91%
plankton lives at the chum bucket
85%
Mr.krabs first name eugene
76%
plankton tries to steel secret formula
75%
the seas king neptune
64%
spongebobs cousin stanley
58%
in the movie spongebob goes to shell city
42%
spongebobs spatulas name spat
36%
spongebob cant get boating license
26%
patricks favoite activity jellly fishing
4%
spongebob lives on coanch street
2%
No matching quizzes found
Score Distribution
Percent of People with Each Score
Percentile by Number Answered
Your Score History
You have not taken this quiz